000 00266pam a2200121 a 4500
020 _c
041 _aeng
100 _aR.R Coomber.
245 _aBalance Camil Forword
_hTextual Documents
260 _aNew York
_bPenguin Books Ltd
300 _a264p.
930 _a15274
999 _c92174
_d92174